[Event "DEN-ch"]
[Site "Copenhagen"]
[Date "1974.??.??"]
[Round "1"]
[White "Iskov, Gert"]
[Black "Jakobsen, Ole"]
[Result "1/2-1/2"]
[WhiteElo "2420"]
[BlackElo "2435"]

1.c4 Nf6 2.Nf3 g6 3.g3 Bg7 4.Bg2 O-O 5.O-O d6 6.d4 c6 7.Nc3 Qa5 8.h3 e5 9.e4 exd4
10.Nxd4 Qc5 11.Nb3 Qxc4 12.Qxd6 a5 13.Be3 Nbd7 14.f4 Qb4 15.Qd2 a4 16.Nd4 Nb6
17.Nc2 Qa5 18.b4 Qa6 19.Bc5 Re8 20.b5 Qa5 21.Bb4 Qa7 22.Kh2 Be6 23.bxc6 bxc6
24.Bc5 Qa5 25.Bxb6 Qxb6 26.e5 Red8 27.Qe2 Qa5 28.Qe1 Nd5 29.Nxd5 Bxd5 30.Ne3 Bxg2
31.Qxa5 Rxa5 32.Kxg2 Rb5 33.Rf2 Bf8 34.Rc2 Rd3 35.Nc4 h5 36.Re1 Rc5 37.Re4 Be7
38.g4 hxg4 39.hxg4  1/2-1/2

[Event "DEN-ch"]
[Site "Copenhagen"]
[Date "1974.??.??"]
[Round "9"]
[White "Jakobsen, Ole"]
[Black "Brinck Claussen, Bjorn"]
[Result "0-1"]
[WhiteElo "2435"]
[BlackElo "2390"]

1.c4 Nf6 2.Nf3 g6 3.g3 Bg7 4.Bg2 O-O 5.d4 d6 6.Nc3 Nc6 7.O-O a6 8.d5 Na5
9.Nd2 c5 10.Qc2 Rb8 11.b3 b5 12.Bb2 bxc4 13.bxc4 Bd7 14.Nd1 Rb4 15.Bc3 Ra4
16.Nb2 Ra3 17.Nb1 Bf5 18.e4 Nxe4 19.Bxg7 Nxg3 20.Qd1 Kxg7 21.Nxa3 Nxf1 22.Bxf1 e5
23.Qd2 Nb7 24.Rc1 Bd7 25.Nd3 f5 26.f4 Qf6 27.Qb2 e4 28.Qxb7 exd3 29.Qxd7+ Rf7
30.Qe6 Qd4+ 31.Kh1 Qxf4 32.Rb1 d2 33.Qe2 Qe4+ 34.Qxe4 fxe4 35.Kg1 Rf3 36.Rd1 Rxa3
37.Rxd2 Kf6 38.Re2 Ke5 39.Kf2 Rc3 40.Rb2 a5 41.Rb7 e3+ 42.Kg2 Rc2+ 43.Kf3 Rf2+
44.Kxe3 Rxf1 45.Re7+ Kf6 46.Rxh7 Re1+ 47.Kd3 Rd1+ 48.Kc2 Rf1 49.Kd3 Rf3+
50.Kc2 Ke5 51.Rg7 Kd4 52.Rxg6 Kxc4 53.Rxd6 Rf2+ 54.Kd1 Kd3 55.Kc1 c4 56.Rg6 Rf1+
57.Kb2 c3+ 58.Kb3 Rb1+ 59.Ka4 c2 60.Rc6 Rb4+ 61.Kxa5 Rc4  0-1

[Event "Espergarde"]
[Site "Espergarde"]
[Date "1974.??.??"]
[Round "1"]
[White "Brask, S."]
[Black "Andersen, Joh"]
[Result "1/2-1/2"]
[WhiteElo "2200"]
[BlackElo "2200"]

1.Nf3 Nf6 2.g3 g6 3.Bg2 Bg7 4.c4 O-O 5.Nc3 d6 6.Rb1 c5 7.a3 Nc6 8.b4 Bf5
9.d3 Nd7 10.Bd2 Rc8 11.O-O b6 12.Nh4 Be6 13.f4 f5 14.b5 Ncb8 15.Nf3 h6 16.Nh4 Kh7
17.e4 Nf6 18.exf5 Bxf5 19.Nxf5 gxf5 20.Re1 Ng4 21.Ne2 Qe8 22.h3 Nf6 23.Bf3 Qg6
24.Kh2 Rg8 25.Rg1 Kh8 26.Bc3 h5 27.Bxf6 Bxf6 28.Rg2 Rg7 29.Ng1 Rh7 30.h4 Rg8
31.Nh3 e5 32.Qe2 Nd7 33.Re1 Nf8 34.Bd5 Rgg7 35.Ng5 Bxg5 36.fxg5 Ne6 37.Bxe6 Qxe6
38.Rf2 Rf7 39.Ref1 Kg7 40.Qf3 Rh8 41.Qe2 Kg6 42.a4 Rhf8 43.Qf3  1/2-1/2

[Event "DSV-Turnier"]
[Site "Halle"]
[Date "1974.??.??"]
[Round "?"]
[White "Uhlmann, Wolfgang"]
[Black "Liebert, Heinz"]
[Result "1/2-1/2"]
[WhiteElo "2550"]
[BlackElo "2445"]

1.Nf3 Nf6 2.c4 g6 3.g3 Bg7 4.Bg2 O-O 5.Nc3 c5 6.d4 Na6 7.O-O d6 8.b3 Bg4
9.Bb2 Qc8 10.Re1 Re8 11.d5 Nc7 12.Qd2 a6 13.e4 e5 14.dxe6 Nxe6 15.e5 dxe5
16.Nxe5 Nd4 17.Nxg4 Qxg4 18.Nd5 Nxd5 19.Bxd5  1/2-1/2

[Event "DSV-Turnier"]
[Site "Halle"]
[Date "1974.??.??"]
[Round "?"]
[White "Liebert, Heinz"]
[Black "Savon, Vladimir A"]
[Result "1/2-1/2"]
[WhiteElo "2445"]
[BlackElo "2575"]

1.c4 Nf6 2.Nf3 g6 3.g3 Bg7 4.Bg2 O-O 5.O-O d5 6.cxd5 Nxd5 7.Nc3 Nxc3 8.bxc3 c5
9.Rb1 Qa5 10.Qb3 Nc6 11.Qa3 b6 12.Nd4 cxd4 13.Bxc6 Bf5 14.Qxa5 bxa5 15.Rb7 Rac8  1/2-1/2

[Event "HUN-ch"]
[Site "?"]
[Date "1974.??.??"]
[Round "?"]
[White "Tompa, Janos"]
[Black "Szilagyi, Peter"]
[Result "1/2-1/2"]
[WhiteElo "2420"]
[BlackElo "2420"]

1.c4 g6 2.g3 Bg7 3.Bg2 Nf6 4.Nf3 O-O 5.O-O d6 6.d4 Nbd7 7.Nc3 e5 8.h3 exd4
9.Nxd4 Re8 10.b3 Nc5 11.Bb2 a5 12.Qc2 c6 13.a3 Qb6 14.e3 Nfd7 15.Rac1 Ne5
16.Rfd1 a4 17.b4 Nxc4 18.Ba1 Nd7 19.Qa2 d5 20.Bxd5 cxd5 21.Nxd5 Qd8 22.Qxc4 Ne5
23.Qb5 Bd7 24.Qb6 Bg4 25.Qxd8 Raxd8 26.hxg4 Rxd5 27.Ne2 Rxd1+ 28.Rxd1 Nxg4
29.Bxg7 Kxg7 30.Nc3 Rc8  1/2-1/2

[Event "Lublin"]
[Site "Lublin"]
[Date "1974.??.??"]
[Round "10"]
[White "Szymczak, Zbigniew"]
[Black "Pribyl, Josef"]
[Result "1/2-1/2"]
[WhiteElo "2200"]
[BlackElo "2455"]

1.Nf3 Nf6 2.c4 g6 3.g3 Bg7 4.Bg2 O-O 5.O-O d5 6.cxd5 Nxd5 7.Nc3 Nb6 8.d3 Nc6
9.Be3 h6 10.Qc1 Kh7 11.Rd1 e5 12.d4 exd4 13.Nb5 Nd5 14.Nfxd4 Nxe3 15.Qxe3 Nxd4
16.Nxd4 Re8 17.Qb3 Qe7 18.Rac1 c6 19.h3 Rd8 20.e3 a5 21.Kh2 h5 22.Qb6 Rh8
23.Qc5 Qxc5 24.Rxc5 Rd8 25.Bf3 a4 26.Kg2 Bf6 27.Be2 Kg7 28.Rcc1 Ra5 29.b4 axb3
30.axb3 Ra2 31.Rc2 Rxc2 32.Nxc2 Rxd1 33.Bxd1 Bc3 34.h4 Kf6 35.Kf1 Ke5 36.Ke2 Bf5
37.f3 c5 38.e4 Be6 39.Kd3 Bb2 40.Ne3 b5 41.f4+  1/2-1/2

[Event "Nice olm prel"]
[Site "Nice"]
[Date "1974.??.??"]
[Round "1"]
[White "Lombard, Andre"]
[Black "Sanguineti, Raul"]
[Result "1/2-1/2"]
[WhiteElo "2410"]
[BlackElo "2530"]

1.Nf3 Nf6 2.c4 g6 3.g3 Bg7 4.Bg2 O-O 5.O-O c6 6.d4 d5 7.Nbd2 Ne4 8.b3 Bf5
9.Bb2 Nxd2 10.Nxd2 Qd7 11.Re1 Na6 12.a3 Rfd8 13.Nf3 Be4 14.e3 h6 15.Qe2 Qe6
16.Nh4 g5 17.Nf3 Rac8 18.Rac1 Qf5 19.Red1 Nc7 20.Ne1 Bxg2 21.Kxg2 Ne6 22.f3 Qg6
23.Nd3 Rc7 24.Bc3 Rcd7 25.Ba5 b6 26.Be1 c5 27.Ne5 Bxe5 28.dxe5 dxc4 29.Rxd7 Rxd7
30.Qxc4 Qd3 31.Kf2 Qf5 32.Bc3 h5 33.h4 Kf8 34.Kg2 gxh4 35.gxh4 Rd3 36.Kf2 Rd8
37.b4 Qh3 38.Rg1 Qf5 39.Rc1 Qh3  1/2-1/2

[Event "Nice olm prel"]
[Site "Nice"]
[Date "1974.??.??"]
[Round "2"]
[White "Pastori, Ad"]
[Black "Velimirovic, Dragoljub"]
[Result "0-1"]
[WhiteElo "2200"]
[BlackElo "2530"]

1.c4 g6 2.g3 Bg7 3.Bg2 Nf6 4.Nf3 O-O 5.Nc3 d6 6.O-O Nc6 7.d3 e5 8.e4 Be6
9.Ng5 Nd4 10.Nxe6 fxe6 11.Ne2 Nd7 12.Nxd4 exd4 13.f4 Kh8 14.Bd2 a5 15.g4 h6
16.Qe1 g5 17.Qg3 gxf4 18.Bxf4 Be5 19.Qh3 Bxf4 20.Rxf4 Qg5 21.Rxf8+ Rxf8 22.Rf1 Rxf1+
23.Bxf1 Ne5 24.Be2 Kg7 25.Qg3 Qd2 26.Kf2 Ng6 27.h4 Nf4 28.Qf3 e5 29.h5 Qxb2  0-1

[Event "Nice olm fin-A"]
[Site "Nice"]
[Date "1974.??.??"]
[Round "3"]
[White "Filip, Miroslav"]
[Black "Padevsky, Nikola"]
[Result "1/2-1/2"]
[WhiteElo "2495"]
[BlackElo "2480"]

1.Nf3 Nf6 2.c4 g6 3.g3 Bg7 4.Bg2 O-O 5.O-O d6 6.d4 c5 7.Nc3 Nc6 8.d5 Na5
9.Nd2 e5 10.e4 Ng4 11.a3 b6 12.b4 Nb7 13.Bb2 Bd7 14.Qc2 f5 15.exf5 gxf5 16.h3 Nf6
17.Rae1 Rc8 18.bxc5 Qe8 19.Nf3 Qh5 20.Nh2 Na5 21.Ne2 Qg6 22.Nf3 Qh5 23.Nh2 Qg6
24.Nf3 Qh5  1/2-1/2

[Event "Nice olm prel"]
[Site "Nice"]
[Date "1974.??.??"]
[Round "3"]
[White "Doda, Zbigniew"]
[Black "Ujtumen, Tudev"]
[Result "1-0"]
[WhiteElo "2410"]
[BlackElo "2405"]

1.Nf3 Nf6 2.c4 g6 3.g3 Bg7 4.Bg2 O-O 5.O-O d6 6.d4 Nbd7 7.Nc3 e5 8.e4 h6
9.h3 Re8 10.Re1 c6 11.d5 c5 12.a3 Rf8 13.Bd2 Ne8 14.Qc2 f5 15.Nh4 Qf6 16.exf5 gxf5
17.Kh2 Nc7 18.Rab1 Nb6 19.Bf1 Bd7 20.Ng2 Rae8 21.b4 Na6 22.b5 Nb8 23.a4 Nc8
24.Be2 Ne7 25.Bh5 Rd8 26.f4 Be8 27.Bxe8 Rdxe8 28.fxe5 dxe5 29.Rf1 Nc8 30.Ne3 Nd6
31.g4 f4 32.Ne4 Nxe4 33.Qxe4 Qg5 34.Nf5 Rxf5 35.Qxf5 Qxf5 36.gxf5 Rf8 37.Rg1 Rxf5
38.Rg6 Kf7 39.Rbg1 Bf8 40.Re6 Nd7 41.a5 Rf6 42.Re1 Bd6 43.Kg2 Nf8 44.Rxf6+ Kxf6
45.Kf3 Kf5 46.a6 Ng6 47.b6 Bb8 48.d6 Ke6 49.bxa7 Bxa7 50.axb7 Kxd6 51.Rb1 Kc7
52.Ba5+ Kb8 53.Ke4 Ne7 54.Bc3 Nc6 55.Bxe5+ Nxe5 56.Kxe5 f3 57.Kd6  1-0

[Event "Nice olm fin-B"]
[Site "Nice"]
[Date "1974.??.??"]
[Round "4"]
[White "Schmidt, Wlodzimierz"]
[Black "Garcia Gonzales, Guillermo"]
[Result "1/2-1/2"]
[WhiteElo "2500"]
[BlackElo "2450"]

1.Nf3 Nf6 2.c4 g6 3.g3 Bg7 4.Bg2 O-O 5.O-O c5 6.Nc3 d5 7.cxd5 Nxd5 8.Nxd5 Qxd5
9.d3 Nc6 10.Be3 Bd7 11.Nd2 Qh5 12.Bf3 Bg4 13.Bxg4 Qxg4 14.Bxc5 Bxb2 15.Rb1 Bd4
16.Ba3 b6 17.e3 Qxd1 18.Rfxd1 Bg7 19.Rbc1 Rfc8 20.d4 e6 21.Rc2 Bf8 22.Bxf8 Kxf8
23.Rdc1 Ne7 24.Rc7 Ke8 25.R1c4 a6 26.Rb7 b5 27.Rxc8+ Rxc8 28.Ne4 Rc1+ 29.Kg2 Rc2
30.Nf6+ Kf8 31.Nxh7+ Ke8 32.Nf6+ Kf8 33.Nh7+ Ke8 34.Nf6+ Kf8 35.Nh7+ Ke8  1/2-1/2

[Event "Nice olm fin-C"]
[Site "Nice"]
[Date "1974.??.??"]
[Round "5"]
[White "Kroon, Piet"]
[Black "Sampouw, Jacobus S"]
[Result "1/2-1/2"]
[WhiteElo "2200"]
[BlackElo "2280"]

1.c4 Nf6 2.g3 g6 3.Bg2 Bg7 4.Nf3 O-O 5.O-O d6 6.Nc3 c5 7.d4 cxd4 8.Nxd4 Nbd7
9.b3 Nc5 10.Bb2 Rb8 11.Qd2 Bd7 12.Rfd1 Re8 13.Rac1 Qc8 14.e4 Bh3 15.f3 Bxg2
16.Kxg2 b6 17.Nd5 Rb7 18.b4 Ne6 19.Nb5 Nh5 20.Bxg7 Nhxg7 21.Nxd6 exd6 22.Nf6+ Kh8
23.Qh6 Nf8 24.Nxe8 Qxe8 25.Rxd6 f5 26.Re1 Re7 27.Qf4 Nd7 28.Red1 Nh5 29.Qd2 Nhf6
30.Qd4 Kg7 31.c5 bxc5 32.bxc5 fxe4 33.fxe4 Ne5 34.Rf1 Nfg4 35.h3 Nh6 36.c6 Nf7
37.Rd7 Rxd7 38.cxd7 Qxd7 39.Rxf7+ Kxf7 40.Qxe5 Qd2+  1/2-1/2

[Event "Nice olm prel"]
[Site "Nice"]
[Date "1974.??.??"]
[Round "7"]
[White "Naranja, Renato"]
[Black "Tringov, Georgi P"]
[Result "0-1"]
[WhiteElo "2395"]
[BlackElo "2465"]

1.c4 Nf6 2.Nf3 g6 3.g3 Bg7 4.Bg2 O-O 5.O-O d6 6.d4 Nbd7 7.Nc3 e5 8.h3 c6
9.e4 Qb6 10.dxe5 dxe5 11.Qc2 Re8 12.Be3 Qc7 13.Rad1 Nf8 14.Rd2 N6d7 15.b4 a5
16.b5 Ne6 17.Rfd1 Bf8 18.Qb2 Nec5 19.Bxc5 Nxc5 20.Rc2 a4 21.Ne1 Be6 22.Bf1 f6
23.Qc1 Qf7 24.Qe3 Rad8 25.Kh2 Rxd1 26.Nxd1 Rd8 27.Qe2 Nxe4 28.bxc6 bxc6 29.Bg2 Nd6
30.Ne3 Rc8 31.Nf3 Nb7 32.Nd2 Nc5 33.Ne4 Nxe4 34.Bxe4 f5 35.Bg2 e4 36.Nd1 Bc5
37.f3 f4 38.fxe4 fxg3+ 39.Kxg3 Rf8 40.Bf3 Qf4+ 41.Kg2 Qg5+  0-1

[Event "Nice olm prel"]
[Site "Nice"]
[Date "1974.??.??"]
[Round "8"]
[White "Keene, Raymond D"]
[Black "Cuellar, Pablo"]
[Result "1-0"]
[WhiteElo "2505"]
[BlackElo "2200"]

1.Nf3 g6 2.c4 Nf6 3.g3 Bg7 4.Bg2 O-O 5.O-O d6 6.d4 c6 7.Nc3 Qc7 8.h3 a5 9.e4 e5
10.Re1 Na6 11.Be3 Nd7 12.Qd2 f5 13.exf5 gxf5 14.Bh6 e4 15.Bxg7 Kxg7 16.Qg5+ Kh8
17.Nh4 Nf6 18.Nxf5 Bxf5 19.Qxf5 Rae8 20.Qg5 Nb4 21.Bxe4 Re7 22.Qd2 Rg7 23.Bg2 Qf7
24.a3 Na6 25.b3 Nc7 26.Ne4 d5 27.Nxf6 Qxf6 28.Re3 Qh6 29.Qe2 Rgf7 30.Re1 Qf6
31.cxd5 Nxd5 32.Bxd5 cxd5 33.Re5 Qb6 34.Rxd5 Qxb3 35.Rxa5 Qc3 36.Rg5 Qxd4
37.Qe5+  1-0

[Event "Nice olm fin-B"]
[Site "Nice"]
[Date "1974.??.??"]
[Round "9"]
[White "Iskov, Gert"]
[Black "Bleiman, Yaacov"]
[Result "1/2-1/2"]
[WhiteElo "2420"]
[BlackElo "2450"]

1.Nf3 Nf6 2.c4 g6 3.g3 Bg7 4.Bg2 O-O 5.O-O d6 6.d4 Nbd7 7.Nc3 c6 8.e4 e5
9.h3 Ne8 10.Re1 Qb6 11.d5 c5 12.Rb1 Qd8 13.a3 b6 14.b4 h6 15.Nh4 Ndf6 16.Kh2 Qd7
17.Rb3 Qd8 18.Be3 Nh7  1/2-1/2

[Event "Nice olm fin-B"]
[Site "Nice"]
[Date "1974.??.??"]
[Round "11"]
[White "Piasetski, Leon David"]
[Black "Moen, Ole Christian"]
[Result "1-0"]
[WhiteElo "2295"]
[BlackElo "2200"]

1.Nf3 Nf6 2.g3 g6 3.Bg2 Bg7 4.c4 O-O 5.O-O d6 6.Nc3 Nbd7 7.Rb1 a5 8.a3 Nb6
9.d3 Bd7 10.b3 Nh5 11.Bb2 e5 12.Nd2 c6 13.b4 axb4 14.axb4 d5 15.c5 Nc8 16.Ra1 Rb8
17.Na4 f5 18.Nf3 Qe7 19.e3 Re8 20.Re1 b5 21.cxb6 Qxb4 22.Ba3 Qb5 23.Rb1 Qa6
24.Bc5 Nf6 25.Bf1 Qa8 26.d4 exd4 27.Bxd4 Ne4 28.Ra1 c5 29.Nxc5 Qc6 30.b7 Ne7
31.Ra6 Qc7 32.Nxd7 Qxd7 33.Bxg7 Kxg7 34.Rb6 Qc7 35.Qd4+ Kg8 36.Reb1 Red8
37.Qe5 Rd6 38.Rxd6 Qxd6 39.Rb6 Qxe5 40.Nxe5 Nc5 41.Nc6 Nxc6 42.Rxc6 Nd7 43.Rc7 Rd8
44.Rc8 Rf8 45.Bg2  1-0

[Event "Oslo CI"]
[Site "Oslo"]
[Date "1974.??.??"]
[Round "8"]
[White "Ogaard, Leif"]
[Black "Sigurjonsson, Gudmundur"]
[Result "0-1"]
[WhiteElo "2385"]
[BlackElo "2470"]

1.Nf3 Nf6 2.c4 g6 3.g3 Bg7 4.Bg2 O-O 5.O-O d6 6.d4 c5 7.Nc3 Nc6 8.d5 Na5
9.Nd2 e5 10.a3 b6 11.b4 Nb7 12.Bb2 Ne8 13.e4 f5 14.exf5 gxf5 15.Qc2 Bd7 16.b5 Qg5
17.f4 Qh6 18.Nd1 Nf6 19.Ne3 Nh5 20.Rf3 exf4 21.Bxg7 Qxg7  0-1

[Event "Rubinstein mem"]
[Site "Polanica Zdroj"]
[Date "1974.??.??"]
[Round "15"]
[White "Lombard, Andre"]
[Black "Suetin, Alexey S"]
[Result "1/2-1/2"]
[WhiteElo "2410"]
[BlackElo "2505"]

1.Nf3 Nf6 2.c4 g6 3.g3 Bg7 4.Bg2 O-O 5.O-O d6 6.d4 Nbd7 7.Nc3 e5 8.e4 c6
9.Rb1 a6 10.Qc2 b5 11.Rd1 Qc7 12.b3 bxc4 13.bxc4 exd4 14.Nxd4 Ne5 15.h3 Bd7
16.c5 dxc5 17.Nb3 c4 18.Nc5 Bc8 19.N3a4 Re8 20.Be3 Nfd7 21.f4 Nxc5 22.Nxc5 Nd7
23.Qxc4 Nxc5 24.Qxc5 Be6 25.a4 Bf8 26.Qb6 Qc8 27.Kh1 Rb8 28.Qa5 Bb3 29.Rdc1 Ba3
30.Qc3 Qe6 31.f5 gxf5 32.Bf4 Bxc1 33.Bxb8 Rxb8 34.exf5 Qxf5 35.Rxb3 Rxb3
36.Qxb3 c5 37.Qc4 Bb2 38.Qxa6 Be5 39.Qa8+ Kg7 40.Qe4 Qg5 41.Qg4 Qxg4 42.hxg4 Bc7
43.Bd5 Kg6 44.Kg2 f6 45.Kf3 Kg5 46.Bg8 h6 47.Bf7 f5 48.gxf5 Kxf5 49.Ba2  1/2-1/2

[Event "CSR-ch"]
[Site "Rimavska Sobota"]
[Date "1974.??.??"]
[Round "6"]
[White "Augustin, Josef"]
[Black "Pribyl, Josef"]
[Result "1/2-1/2"]
[WhiteElo "2200"]
[BlackElo "2455"]

1.Nf3 Nf6 2.c4 g6 3.g3 Bg7 4.Bg2 O-O 5.O-O c6 6.Nc3 d5 7.cxd5 cxd5 8.d4 Nc6
9.Ne5 Nxe5 10.dxe5 Ng4 11.Qxd5 Nxe5 12.Bf4 Nc6 13.Qxd8 Rxd8 14.Rfd1 Be6  1/2-1/2

[Event "CSR-ch"]
[Site "Rimavska Sobota"]
[Date "1974.??.??"]
[Round "9"]
[White "Neckar, Lubomir"]
[Black "Kubicek, Antonin"]
[Result "1-0"]
[WhiteElo "2200"]
[BlackElo "2320"]

1.Nf3 Nf6 2.c4 g6 3.g3 Bg7 4.Bg2 O-O 5.O-O c6 6.d4 d6 7.Nc3 Qa5 8.h3 e5 9.e4 exd4
10.Nxd4 Qc5 11.Nb3 Qxc4 12.Qxd6 a5 13.Be3 Nbd7 14.Rfd1 Qb4 15.Qd2 Re8 16.f4 Nxe4
17.Nxe4 Rxe4 18.Bxe4 Qxe4 19.Bf2 h5 20.Qd3 Qxd3 21.Rxd3 Bxb2 22.Re1 a4 23.Nd2 Nf6
24.Rd8+ Kg7 25.Nc4 Bc3 26.Rc1 Bb4 27.Nb6 Ba3 28.Nxa8  1-0

[Event "CSR-ch"]
[Site "Rimavska Sobota"]
[Date "1974.??.??"]
[Round "12"]
[White "Kupka, Slavoj"]
[Black "Meduna, Eduard"]
[Result "1-0"]
[WhiteElo "2360"]
[BlackElo "2285"]

1.c4 Nf6 2.Nf3 g6 3.g3 Bg7 4.Bg2 O-O 5.O-O d6 6.d4 Nc6 7.Nc3 Bg4 8.d5 Na5
9.Nd2 c5 10.h3 Bd7 11.Qc2 e5 12.a3 Rc8 13.b3 a6 14.Bb2 Nh5 15.Kh2 f5 16.e3 b5
17.Ne2 Qe7 18.Rae1 Rb8 19.Bc3 Nb7 20.f4 Rbe8 21.Qc1 a5 22.Ba1 b4 23.a4 Nd8
24.e4 exf4 25.Nxf4 Nxf4 26.gxf4 Bh6 27.Qb2 Nf7 28.Re2 Qh4 29.Kg1 Bc8 30.Ref2 Re7
31.Qf6 Ng5 32.Qh8+ Kf7 33.Qf6+ Ke8 34.Qxd6 Nxe4 35.Nxe4 fxe4 36.Be5 Bxh3
37.Bxh3 Qxh3 38.Qc6+ Qd7 39.Qxc5 Rf5 40.Re1 g5 41.Bd6 gxf4 42.Bxe7 e3 43.Rh2 f3
44.Rxe3 Bxe3+ 45.Qxe3 Qxe7 46.Qxe7+ Kxe7 47.Rxh7+ Kd6 48.Kf2 Kc5 49.Rh3 Rf8
50.Rxf3 Rh8 51.Rd3 Kd6 52.Ke3 Rh3+ 53.Ke4 Rh4+ 54.Kf5 Rh5+ 55.Kg6 Rh8 56.Kg7 Rc8
57.Kf7 Rc7+ 58.Kf6 Rc8 59.Kf5 Rf8+ 60.Ke4 Rh8 61.c5+ Kxc5 62.d6 Rd8 63.d7 Kc6
64.Ke5 Rxd7 65.Rxd7 Kxd7 66.Kd5 Kc7 67.Kc5 Kd7 68.Kb5 Kd6 69.Kxa5 Kc5 70.Ka6 Kc6
71.a5  1-0

[Event "SWE-ch"]
[Site "?"]
[Date "1974.??.??"]
[Round "5"]
[White "Ljungdahl, John"]
[Black "Wahlbom, Magnus"]
[Result "1/2-1/2"]
[WhiteElo "2210"]
[BlackElo "2300"]

1.Nf3 Nf6 2.c4 g6 3.g3 Bg7 4.Bg2 O-O 5.O-O c5 6.Nc3 d5 7.cxd5 Nxd5 8.d4 Nxc3
9.bxc3 Qa5 10.Qb3 Nc6 11.Be3 Qa6 12.Rfe1 cxd4 13.cxd4 Be6 14.Qb2 Rfd8 15.Red1 Rac8
16.Bf4 Bd5 17.Ne5 Bxg2 18.Kxg2 Nxe5 19.dxe5 Qc6+ 20.Kg1 h6 21.h4 e6 22.Rd4 b6
23.Rc1 Qb7 24.Rcd1 Rxd4 25.Qxd4 b5 26.Qd7 Qxd7 27.Rxd7 a5 28.Rb7 b4 29.Ra7 Rc5
30.Ra8+ Kh7 31.Ra7 Kg8 32.Ra8+ Kh7 33.Ra7 g5 34.hxg5 hxg5 35.Be3 Rxe5 36.Rxf7 Rb5
37.Ra7 Kg6 38.g4 Bc3 39.Ra8 Kf7 40.Kg2 Kf6 41.Kf3 b3  1/2-1/2

[Event "SWE-ch"]
[Site "?"]
[Date "1974.??.??"]
[Round "6"]
[White "Ljungqvist, Lennart"]
[Black "Ljungdahl, John"]
[Result "1/2-1/2"]
[WhiteElo "2250"]
[BlackElo "2210"]

1.Nf3 Nf6 2.c4 g6 3.g3 Bg7 4.Bg2 O-O 5.O-O c5 6.d4 Nc6 7.d5 Na5 8.Nfd2 d6
9.Nc3 Bd7 10.Qc2 Ne8 11.b3 Nc7 12.Bb2 b5 13.Nd1 Bxb2 14.Nxb2 bxc4 15.bxc4 Na6
16.a3 Rb8 17.Nd3 Qc7 18.h4 Rb7 19.h5 Rfb8 20.Rab1 Rxb1 21.Rxb1 Rxb1+ 22.Nxb1 Bf5
23.e4 Bd7 24.Nd2 Nb7 25.h6 f6 26.f4 Nd8 27.e5 dxe5 28.fxe5 fxe5 29.Nf3 Nf7
30.Qc3 Nxh6 31.Ndxe5 Nf5 32.Nxd7 Qxd7 33.Bh3 Qd6 34.Ng5 Qxg3+ 35.Qxg3 Nxg3
36.Bc8 Nc7 37.Kf2 Nf5 38.Be6+ Nxe6 39.Nxe6 Nd6 40.Nxc5 Nxc4  1/2-1/2

[Event "SWE-ch"]
[Site "?"]
[Date "1974.??.??"]
[Round "8"]
[White "Helmertz, Per Inge"]
[Black "Dahlin, Gunnar"]
[Result "0-1"]
[WhiteElo "2235"]
[BlackElo "2200"]

1.c4 Nf6 2.Nf3 g6 3.g3 Bg7 4.Bg2 O-O 5.O-O c6 6.Nc3 d5 7.d4 dxc4 8.Ne5 Ng4
9.Nxg4 Bxg4 10.h3 Be6 11.e3 Nd7 12.a4 f6 13.Qe2 Bf7 14.Rd1 Qc8 15.e4 Rd8
16.f4 Bf8 17.Be3 Qc7 18.Kh2 Rab8 19.d5 cxd5 20.Nxd5 Qc6 21.e5 Qa6 22.Nc7 Qa5
23.e6 Qxc7 24.exf7+ Kxf7 25.Bxa7 Ra8 26.Bd4 e6 27.Re1 Re8 28.Rac1 Rxa4 29.f5 e5
30.b3 Rb4 31.bxc4 Bc5 32.Bc3 Ra4 33.Red1 Bd4 34.Qg4 Kg7 35.fxg6 hxg6 36.Be4 Nf8
37.Bxd4 exd4 38.Rxd4 Ra2+ 39.Kh1 Qe5 40.Bg2 f5 41.Qf4 Qxf4 42.gxf4 Rb2 43.Bf1 Re3
44.Rdd1 Ne6 45.Rb1 Reb3 46.Rxb2 Rxb2 47.Rd7+ Kf6 48.Rd6 Ke7 49.c5 Nxf4 50.Kg1 g5
51.Rh6 Ne6 52.Bd3 f4 53.h4 Nxc5 54.Bf5 gxh4 55.Rxh4 Ne6 56.Bxe6 Kxe6 57.Rxf4 Kd5
58.Kf1 Rd2 59.Rf8 Kc4 60.Ke1 Rd4 61.Rc8+ Kb4 62.Rc1 b5 63.Rb1+ Kc5 64.Rc1+ Kb6
65.Ke2 b4 66.Rc8 Kb5 67.Ke3 Rd7 68.Rb8+ Kc4 69.Rc8+ Kb3 70.Rb8 Kc3 71.Rc8+ Kb2
72.Rb8 b3 73.Ra8 Kb1 74.Ra6 b2 75.Ra8 Rd5 76.Ra7 Kc2 77.Rc7+ Kb3 78.Rb7+ Kc3  0-1

[Event "SWE-ch"]
[Site "?"]
[Date "1974.??.??"]
[Round "12"]
[White "Helmertz, Per Inge"]
[Black "Ek, Hans"]
[Result "0-1"]
[WhiteElo "2235"]
[BlackElo "2355"]

1.c4 Nf6 2.Nf3 g6 3.g3 Bg7 4.Bg2 O-O 5.O-O d6 6.Nc3 e5 7.d3 Nc6 8.Rb1 a5
9.a3 h6 10.b4 axb4 11.axb4 Be6 12.b5 Ne7 13.Qb3 Nd7 14.Ba3 Nb6 15.Nd2 Ra7
16.e4 f5 17.Ra1 fxe4 18.dxe4 Qe8 19.Nd5 Nexd5 20.exd5 Bd7 21.c5 Nc8 22.b6 cxb6
23.cxd6 b5 24.Rac1 Bf6 25.Rfe1 Qf7 26.Ne4 Ra4 27.Rc7 Bd8 28.Rxb7 Rxe4 29.Rxe4 Qxf2+
30.Kh1 Bb6 31.Qd1 Bf5 32.d7 Bxe4 33.Bxe4 Qe3 34.Rxb6 Qxe4+ 35.Kg1 Qe3+ 36.Kg2 Nxb6
37.Bxf8 Nxd7 38.Be7 Qe4+ 39.Kg1 Kf7 40.d6 Qd4+ 41.Qxd4 exd4  0-1

[Event "Zetters"]
[Site "Birmingham"]
[Date "1975.04.02"]
[Round "6"]
[White "Webb, Simon"]
[Black "Janosevic, Dragoljub"]
[Result "1/2-1/2"]
[WhiteElo "2385"]
[BlackElo "2465"]

1.Nf3 Nf6 2.c4 g6 3.g3 Bg7 4.Bg2 O-O 5.O-O d6 6.d4 Nc6 7.Nc3 a6 8.d5 Na5
9.Nd2 c5 10.Qc2 Rb8 11.b3 b5 12.Bb2 bxc4 13.bxc4 e6 14.Rab1 exd5 15.Nxd5 Rxb2
16.Rxb2 Bf5 17.e4 Nxd5 18.cxd5 Bxb2 19.Qxb2 Bd7 20.e5 Bf5 21.Rc1 Qb8 22.Qc3 Qb4
23.exd6 Rd8 24.h3 h5 25.Qf6 Rf8 26.Nf3 Nc4 27.Nh4 Bd3 28.d7 Qb2 29.Qxb2 Nxb2
30.Rxc5 Bb5 31.Rc7 Na4 32.Nf3 Nb6 33.Nd4 Rd8 34.Nxb5 axb5 35.Rb7 Nxd7 36.Rxb5 Kf8
37.f4 Ke7 38.Kf2 Kd6 39.Rb2 Ra8 40.Rc2 Nc5 41.Ke2 Ra3 42.g4 hxg4 43.hxg4 f5
44.gxf5 gxf5 45.Rd2 Ra4 46.Ke3 Ra3+ 47.Kf2 Ne4+ 48.Bxe4 fxe4 49.Rd1 Rf3+
50.Ke2 Rxf4 51.Ke3 Rf5  1/2-1/2

[Event "Zetters"]
[Site "Birmingham"]
[Date "1975.04.02"]
[Round "6"]
[White "Chellstorp, Craig V"]
[Black "Damjanovic, Mato"]
[Result "0-1"]
[WhiteElo "2380"]
[BlackElo "2455"]

1.Nf3 Nf6 2.c4 g6 3.g3 Bg7 4.Bg2 O-O 5.O-O c5 6.d4 d6 7.Nc3 Nc6 8.dxc5 dxc5
9.Bf4 Nh5 10.Be3 Nd4 11.Qd2 Bg4 12.Rfd1 Bxf3 13.Bxf3 Nxf3+ 14.exf3 Qxd2 15.Rxd2 Bxc3
16.bxc3 b6 17.a4 Ng7 18.a5 f6 19.g4 Ne6 20.Rb2 Kf7 21.axb6 axb6 22.Rab1 Rfb8
23.Rxb6 Rxb6 24.Rxb6 Ra4 25.Rc6 Rxc4 26.Bd2 g5 27.Kf1 h5 28.gxh5 Rh4 29.Be3 Rxh5
30.Bxc5 g4 31.Bb6 gxf3 32.Ke1 Rxh2 33.Kd2 Ng5 34.Bc5 e5 35.Bb6 f5 36.Rc7+ Ke6
37.Rc6+ Kd7 38.Rc7+ Kd6 39.Rg7 Ne4+ 40.Ke3 Rxf2 41.Bc7+ Ke6 42.Rg6+ Kf7 43.Rc6 Rf1
44.Bxe5 f2  0-1

[Event "CSR-ch"]
[Site "Brno"]
[Date "1975.??.??"]
[Round "1"]
[White "Neckar, Lubomir"]
[Black "Lechtynsky, Jiri"]
[Result "1-0"]
[WhiteElo "2200"]
[BlackElo "2410"]

1.Nf3 Nf6 2.c4 g6 3.g3 Bg7 4.Bg2 O-O 5.O-O c6 6.d4 d6 7.Nc3 Qa5 8.h3 e5 9.e4 Be6
10.d5 cxd5 11.cxd5 Bd7 12.Be3 Rc8 13.Ne1 Na6 14.Nd3 Be8 15.a3 Nd7 16.b4 Qd8
17.Rc1 Nb6 18.Nb2 Nc4 19.Nxc4 Rxc4 20.Re1 Rac8 21.Qb3 Qc7 22.Na2 b6 23.Rxc4 Qxc4
24.Qxc4 Rxc4 25.Bf1 Rc2 26.Bxa6 Rxa2 27.Rc1 Bd7 28.Bf1 f5 29.Rc7 f4 30.gxf4 exf4
31.Bxf4 Bd4 32.Bg3 Rxa3 33.Kg2 Be8 34.Bxd6 g5 35.Rc8 Kf7 36.e5 Ra2 37.e6+ Kg7
38.Bg3 Bg6 39.e7 Rb2 40.e8=Q  1-0

[Event "CSR-ch"]
[Site "Brno"]
[Date "1975.??.??"]
[Round "15"]
[White "Barcza, Gedeon"]
[Black "Vogt, Lothar"]
[Result "0-1"]
[WhiteElo "2460"]
[BlackElo "2450"]

1.c4 g6 2.g3 Bg7 3.Bg2 Nf6 4.Nf3 O-O 5.O-O d6 6.Nc3 e5 7.d4 Nbd7 8.h3 Re8
9.dxe5 dxe5 10.Be3 c6 11.Qd2 Qe7 12.Rfd1 Nc5 13.Qd6 Qxd6 14.Rxd6 Nce4 15.Nxe4 Nxe4
16.Rdd1 Be6 17.Rac1 f5 18.b3 Re7 19.Ng5 Nxg5 20.Bxg5 Rd7 21.Rxd7 Bxd7 22.Rd1 Be6
23.a4 Kf7 24.Be3 Bf6 25.a5 a6 26.Bb6 h5 27.f4 Re8 28.e3 Re7 29.Bd8 Re8 30.Bc7 Bc8
31.Kf2 h4 32.Bxe5 Bxe5 33.fxe5 hxg3+ 34.Kf3 g5 35.Rd3 Ke6 36.Rd6+ Kxe5 37.Rg6 g4+
38.hxg4 fxg4+ 39.Kxg3 Kf5 40.Rxg4 Rxe3+ 41.Kf2 Rxb3 42.Rh4 Ke5 43.Bf1 Bf5
44.Ke1 Rb1+ 45.Kf2 Ra1 46.Rh5 Rxa5 47.Ke3 Ra3+ 48.Kd2 b5 49.Be2 Rg3 50.Rh6 Bg6
51.Rh8 Kd4 52.Rd8+ Kc5 53.cxb5 axb5 54.Rd7 Be4 55.Rb7 Bd5 56.Bd3 Rg2+ 57.Kc3 Ra2
58.Bb1 b4+ 59.Kd3 Rb2 60.Bc2 Bc4+  0-1

[Event "Club Argentino"]
[Site "Buenos Aires"]
[Date "1975.??.??"]
[Round "8"]
[White "Schweber, Samuel"]
[Black "Kostka"]
[Result "1-0"]
[WhiteElo "2440"]
[BlackElo "2200"]

1.c4 Nf6 2.Nf3 g6 3.g3 Bg7 4.Bg2 O-O 5.O-O d6 6.d4 Nbd7 7.Nc3 e5 8.e4 c6
9.h3 Re8 10.Be3 exd4 11.Nxd4 Nc5 12.Qc2 a5 13.Rad1 a4 14.Nxc6 bxc6 15.Bxc5 Be6
16.Bxd6 Qc8 17.Nxa4 Bxh3 18.Nb6 Qg4 19.f3 Qe6 20.Nxa8 Rxa8 21.b3 Bxg2 22.Kxg2 g5
23.Rfe1 g4 24.f4 h5 25.e5  1-0